[Event "Hvar Arsenal blitz op 2nd"]
[Site "Hvar"]
[Date "2023.10.19"]
[Round "7"]
[White "Mrkic, Simun"]
[Black "Knezovic, Stipe"]
[Result "1-0"]
[WhiteElo "1781"]
[BlackElo "1561"]
[PlyCount "103"]
[EventDate "2023.10.19"]
[EventType "swiss (blitz)"]
[EventRounds "11"]
[EventCountry "CRO"]
[SourceTitle "Mega2024 Update 01"]
[Source "Chessbase"]
[SourceDate "2023.11.12"]
[SourceVersion "1"]
[SourceVersionDate "2023.11.12"]
[SourceQuality "1"]

1. e4 e5 2. Nf3 Nc6 3. Bb5 a6 4. Ba4 Nf6 5. 0-0 d6 6. Re1 Bg4 7. c3 b5 8. Bc2 Be7 9. d3 h6 10. Nbd2 0-0 11. Nf1 Nh7 12. h3 Bh5 13. Ng3 Bxf3 14. Qxf3 Bg5 15. a4 Bxc1 16. Raxc1 Ne7 17. Nf5 Nxf5 18. Qxf5 Qe7 19. Re3 Qe6 20. Qh5 Kh8 21. d4 Nf6 22. Qe2 exd4 23. cxd4 Rad8 24. axb5 axb5 25. Bd3 Nd7 26. Rxc7 Rc8 27. Rxc8 Rxc8 28. Bxb5 Nf6 29. d5 Qe5 30. Bc6 Rb8 31. b3 Rb4 32. f4 Qd4 33. Kh2 Nxe4 34. Rf3 Qf6 35. Qe1 Rb8 36. Qxe4 g6 37. f5 g5 38. b4 Kg7 39. b5 h5 40. Qe3 g4 41. Rg3 Qxf5 42. Qc3+ Kh6 43. Qd3 Qf6 44. hxg4 Qh4+ 45. Kg1 Rg8 46. Qe3+ Qg5 47. Qxg5+ Rxg5 48. b6 h4 49. Rf3 Rg8 50. Rxf7 Kg6 51. Rc7 Rb8 52. b7 1-0

[Event "Hvar Arsenal blitz op 2nd"]
[Site "Hvar"]
[Date "2023.10.19"]
[Round "4"]
[White "Mrkic, Simun"]
[Black "Krisha, Tamhant Jain"]
[Result "1-0"]
[WhiteElo "1781"]
[BlackElo "1120"]
[PlyCount "83"]
[EventDate "2023.10.19"]
[EventType "swiss (blitz)"]
[EventRounds "11"]
[EventCountry "CRO"]
[SourceTitle "Mega2024 Update 01"]
[Source "Chessbase"]
[SourceDate "2023.11.12"]
[SourceVersion "1"]
[SourceVersionDate "2023.11.12"]
[SourceQuality "1"]

1. e4 d5 2. exd5 Qxd5 3. Nc3 Qd8 4. Nf3 Bg4 5. Be2 e6 6. 0-0 Be7 7. d4 Nf6 8. Bf4 c6 9. h3 Bh5 10. a4 Nbd7 11. Qd2 0-0 12. Rfd1 Nd5 13. Nxd5 cxd5 14. Ne5 Bxe2 15. Qxe2 Rc8 16. c3 Re8 17. a5 a6 18. Rdc1 Nxe5 19. Bxe5 Bf6 20. f4 g6 21. Bxf6 Qxf6 22. Qe5 Qh4 23. Qe3 Rc7 24. Kh2 Rec8 25. g3 Qe7 26. h4 h5 27. Rg1 Kh7 28. Kh3 Rh8 29. Rae1 Qd7 30. Qe5 Rcc8 31. Re2 Rce8 32. Rc2 Qa4 33. Rgc1 Qxa5 34. c4 Qd8 35. cxd5 exd5 36. Qg5 Qd7+ 37. Kh2 Rc8 38. Qf6 Rxc2+ 39. Rxc2 Kg8 40. Re2 Qc7 41. Re8+ Kh7 42. Rxh8# 1-0